[Event "Naleczow (Women) "]
[Site "Naleczow"]
[Date "1987.??.??"]
[Round "2"]
[White "Sikora Gizynska, Bozena"]
[Black "Nowik, Urszula"]
[Result "1-0"]
[WhiteElo "2265"]
[BlackElo "2040"]
[PlyCount "93"]
[EventDate "1987.07.??"]
[EventType "tourn"]
[EventRounds "11"]
[EventCountry "POL"]
[SourceTitle "EXT 2001"]
[Source "ChessBase"]
[SourceDate "2000.11.22"]
[SourceVersion "1"]
[SourceVersionDate "2000.11.22"]
[SourceQuality "1"]

1. e4 c6 2. d4 d5 3. Nc3 dxe4 4. Nxe4 Nf6 5. Nxf6+ gxf6 6. Bc4 Bf5 7. c3 e6 8. Ne2 Bd6 9. Bf4 Be4 10. f3 Bd5 11. Bd3 e5 12. Bg3 h5 13. Bh4 Nd7 14. 0-0 Qc7 15. Ng3 0-0-0 16. Bf5 Be6 17. Qc2 Rdg8 18. Rfd1 exd4 19. cxd4 Qa5 20. Be4 Bxg3 21. hxg3 f5 22. Bxc6 bxc6 23. Qxc6+ Kb8 24. Be7 a6 25. d5 Qb6+ 26. Qxb6+ Nxb6 27. dxe6 fxe6 28. Rd6 Nc8 29. Rxe6 Nxe7 30. Rxe7 Rxg3 31. Rae1 Rgg8 32. Kh2 h4 33. Rf7 h3 34. g3 Rd8 35. Re2 Rd5 36. b3 a5 37. Rfe7 a4 38. bxa4 Ra5 39. Re8+ Rxe8 40. Rxe8+ Kc7 41. Kxh3 Kd7 42. Re3 Rxa4 43. a3 Kd6 44. Rb3 f4 45. g4 Rd4 46. g5 Ke6 47. Kg4 1-0

[Event "Naleczow (Women)"]
[Site "Naleczow"]
[Date "1986.??.??"]
[Round "7"]
[White "Fatalibekova, Elena"]
[Black "Nowik, Urszula"]
[Result "1-0"]
[WhiteElo "2160"]
[BlackElo "1935"]
[PlyCount "67"]
[EventDate "1986.07.??"]
[EventType "tourn"]
[EventRounds "12"]
[EventCountry "POL"]
[SourceTitle "EXT 2001"]
[Source "ChessBase"]
[SourceDate "2000.11.22"]
[SourceVersion "1"]
[SourceVersionDate "2000.11.22"]
[SourceQuality "1"]

1. d4 d5 2. Nf3 Nf6 3. c4 e6 4. Nc3 c6 5. Bg5 dxc4 6. a4 Bb4 7. e4 h6 8. Bxf6 Qxf6 9. Bxc4 Nd7 10. 0-0 0-0 11. Qb3 a5 12. Rad1 Qf4 13. e5 Re8 14. Ne2 Qe4 15. Ng3 Qh7 16. Bd3 Qh8 17. Ne4 Nb6 18. Bb1 Nd5 19. Nfd2 Rd8 20. Qg3 b6 21. Nc4 Ba6 22. b3 Kf8 23. f4 Bxc4 24. bxc4 Ne7 25. Qf2 Rd7 26. g4 Ke8 27. f5 Nc8 28. c5 bxc5 29. dxc5 Raa7 30. fxe6 fxe6 31. Nd6+ Nxd6 32. cxd6 Rf7 33. Bg6 Kd8 34. Bxf7 1-0

[Event "Naleczow (Women)"]
[Site "Naleczow"]
[Date "1986.??.??"]
[Round "12"]
[White "Genova, Ruzka"]
[Black "Nowik, Urszula"]
[Result "1-0"]
[WhiteElo "1980"]
[BlackElo "1935"]
[PlyCount "97"]
[EventDate "1986.07.??"]
[EventType "tourn"]
[EventRounds "12"]
[EventCountry "POL"]
[SourceTitle "EXT 2001"]
[Source "ChessBase"]
[SourceDate "2000.11.22"]
[SourceVersion "1"]
[SourceVersionDate "2000.11.22"]
[SourceQuality "1"]

1. d4 e6 2. Nf3 Nf6 3. Bg5 d5 4. c4 c6 5. Nc3 dxc4 6. a4 Bb4 7. e4 Bxc3+ 8. bxc3 Qa5 9. e5 Ne4 10. Bd2 Qd5 11. Be2 b5 12. 0-0 Nxd2 13. Nxd2 Bb7 14. Bf3 Qd7 15. Ne4 0-0 16. Nc5 Qc8 17. axb5 a6 18. b6 Nd7 19. Nxd7 Qxd7 20. Qe2 a5 21. Rfb1 Ba6 22. Rxa5 Rfb8 23. Qa2 Qc8 24. h3 Bb7 25. Rxa8 Rxa8 26. Qxc4 g6 27. Qb3 Ra5 28. c4 Qa8 29. h4 h5 30. c5 Ra3 31. Qc2 Qd8 32. Qe4 Ra4 33. Rd1 Kg7 34. Qf4 Kg8 35. g3 Ra3 36. Bg2 Kg7 37. Qc1 Ra4 38. Qc3 Qa8 39. Qf3 Qd8 40. Qe3 Ra5 41. Bf3 Ra4 42. Kg2 Kg8 43. Kh3 Kg7 44. g4 hxg4+ 45. Kxg4 Kg8 46. Kg3 Kg7 47. h5 g5 48. h6+ Kh8 49. Bh5 1-0

[Event "Naleczow (Women)"]
[Site "Naleczow"]
[Date "1986.??.??"]
[Round "9"]
[White "Nowik, Urszula"]
[Black "Harmsen, Jessica MM"]
[Result "0-1"]
[WhiteElo "1935"]
[BlackElo "2040"]
[PlyCount "102"]
[EventDate "1986.07.??"]
[EventType "tourn"]
[EventRounds "12"]
[EventCountry "POL"]
[SourceTitle "EXT 2001"]
[Source "ChessBase"]
[SourceDate "2000.11.22"]
[SourceVersion "1"]
[SourceVersionDate "2000.11.22"]
[SourceQuality "1"]

1. d4 f5 2. Bg5 g6 3. Nc3 d5 4. e3 Bg7 5. Bd3 Nf6 6. h4 c6 7. Nge2 Be6 8. Nf4 Bf7 9. h5 Ne4 10. hxg6 hxg6 11. Rxh8+ Bxh8 12. Nxe4 dxe4 13. Be2 Qb6 14. Kf1 Nd7 15. b3 Nf6 16. c4 0-0-0 17. Qc2 Qc7 18. g3 Nh7 19. Bh6 g5 20. Nh3 Qd6 21. Bxg5 Nxg5 22. Nxg5 Qh6 23. Nf3 Qh3+ 24. Kg1 exf3 25. Bxf3 Bf6 26. Bg2 Qh5 27. Rc1 f4 28. gxf4 Rg8 29. Qe4 Qg4 30. Kf1 Bg6 31. Qf3 Bd3+ 32. Ke1 Qxg2 33. Qxg2 Rxg2 34. Kd2 Be4 35. Ke2 Bh4 36. Rf1 Rh2 37. b4 Kd7 38. a4 Bc2 39. a5 Bb3 40. Kd3 Rxf2 41. Rh1 Bc2+ 42. Kc3 Bf6 43. Rc1 Be4 44. Kb3 Re2 45. Rc3 Bh4 46. Ka3 Be1 47. Rb3 Bd2 48. b5 Bxa5 49. bxc6+ Kxc6 50. d5+ Kc7 51. Rb5 Rxe3+ 0-1

[Event "Naleczow (Women)"]
[Site "Naleczow"]
[Date "1986.??.??"]
[Round "5"]
[White "Rzeczycka, Bozena"]
[Black "Nowik, Urszula"]
[Result "1/2-1/2"]
[WhiteElo "2030"]
[BlackElo "1935"]
[PlyCount "133"]
[EventDate "1986.07.??"]
[EventType "tourn"]
[EventRounds "12"]
[EventCountry "POL"]
[SourceTitle "EXT 2001"]
[Source "ChessBase"]
[SourceDate "2000.11.22"]
[SourceVersion "1"]
[SourceVersionDate "2000.11.22"]
[SourceQuality "1"]

1. e4 c6 2. d4 d5 3. Nd2 dxe4 4. Nxe4 Bf5 5. Ng3 Bg6 6. Nf3 Nd7 7. h4 h6 8. h5 Bh7 9. Bd3 Bxd3 10. Qxd3 e6 11. Bf4 Qa5+ 12. Bd2 Qc7 13. 0-0-0 Ngf6 14. Ne4 Nxe4 15. Qxe4 Nf6 16. Qe2 Bd6 17. g3 0-0-0 18. Ne5 Qe7 19. Rh4 Nd7 20. Rg4 Rhg8 21. Ba5 Bc7 22. Nxc6 bxc6 23. Qa6+ Kb8 24. Bxc7+ Kxc7 25. Qxa7+ Kc8 26. Qa6+ Kc7 27. Qa5+ Kc8 28. Qa6+ Kc7 29. Qa7+ Kc8 30. a3 Qd6 31. Qa6+ Kc7 32. Qa7+ Kc8 33. d5 Qc7 34. Qa6+ Qb7 35. Qa4 exd5 36. Rb4 Nb6 37. Qa5 Kc7 38. Qc5 Rge8 39. a4 Qa6 40. a5 Nd7 41. Qc3 Nf6 42. Rb6 Qc4 43. Qa3 Re2 44. c3 Rb8 45. Rxb8 Kxb8 46. Qf8+ Ne8 47. Qxf7 Qe4 48. Rd2 Re1+ 49. Rd1 Qe7 50. Qf4+ Nd6 51. Qb4+ Nb5 52. Qf4+ Kb7 53. Rxe1 Qxe1+ 54. Kc2 Qe4+ 55. Qxe4 dxe4 56. c4 Nc7 57. Kd2 Ne8 58. Ke3 Nf6 59. b4 Ng4+ 60. Kxe4 Nxf2+ 61. Kf5 Nh1 62. Kg6 Nxg3 63. Kxg7 Nxh5+ 64. Kxh6 Nf6 65. Kg6 Ne4 66. b5 c5 67. Kf5 1/2-1/2